<?xml version="1.0" encoding="UTF-8"?>
<record
    xmlns:xsi="http://www.w3.org/2001/XMLSchema-instance"
    xsi:schemaLocation="http://www.loc.gov/MARC21/slim http://www.loc.gov/standards/marcxml/schema/MARC21slim.xsd"
    xmlns="http://www.loc.gov/MARC21/slim">

  <leader>02688nam0a2200493   4500</leader>
  <controlfield tag="001">RU\NLR\BIBL_A\022045865</controlfield>
  <controlfield tag="005">20231025103553.0</controlfield>
  <datafield tag="010" ind1=" " ind2=" ">
    <subfield code="a">978-5-907589-25-4</subfield>
    <subfield code="9">1000</subfield>
  </datafield>
  <datafield tag="021" ind1=" " ind2=" ">
    <subfield code="a">RU</subfield>
    <subfield code="b">&#x410;&#x41B;-&#x41F;-23-00803&#x438;</subfield>
    <subfield code="9">&#x410;&#x41B;-&#x41F;-23-0167</subfield>
  </datafield>
  <datafield tag="035" ind1=" " ind2=" ">
    <subfield code="a">(NLR Aleph) 022045865</subfield>
  </datafield>
  <datafield tag="035" ind1=" " ind2=" ">
    <subfield code="a">(RuMoRGB)012058657</subfield>
  </datafield>
  <datafield tag="090" ind1=" " ind2=" ">
    <subfield code="a">12583571</subfield>
    <subfield code="c">12583571</subfield>
  </datafield>
  <datafield tag="100" ind1=" " ind2=" ">
    <subfield code="a">20231011d2023    u  y0rusy50      ca</subfield>
  </datafield>
  <datafield tag="101" ind1="0" ind2=" ">
    <subfield code="a">rus</subfield>
    <subfield code="a">eng</subfield>
  </datafield>
  <datafield tag="102" ind1=" " ind2=" ">
    <subfield code="a">RU</subfield>
  </datafield>
  <datafield tag="105" ind1=" " ind2=" ">
    <subfield code="a">ach z   000zy</subfield>
  </datafield>
  <datafield tag="181" ind1=" " ind2="0">
    <subfield code="a">b3</subfield>
    <subfield code="b">xb2e  </subfield>
  </datafield>
  <datafield tag="181" ind1=" " ind2="0">
    <subfield code="a">i2</subfield>
    <subfield code="b">axxe  </subfield>
  </datafield>
  <datafield tag="182" ind1=" " ind2="0">
    <subfield code="a">n</subfield>
  </datafield>
  <datafield tag="200" ind1="1" ind2=" ">
    <subfield code="a">&#x41F;&#x430;&#x43D;&#x441;&#x438;&#x43E;&#x43D;&#x430;&#x442; "&#x414;&#x440;&#x443;&#x436;&#x431;&#x430;"</subfield>
    <subfield code="d">Sanatorium Druzhba</subfield>
    <subfield code="e">&#x436;&#x435;&#x43C;&#x447;&#x443;&#x436;&#x438;&#x43D;&#x430; &#x43F;&#x43E;&#x437;&#x434;&#x43D;&#x435;&#x441;&#x43E;&#x432;&#x435;&#x442;&#x441;&#x43A;&#x43E;&#x433;&#x43E; &#x43C;&#x43E;&#x434;&#x435;&#x440;&#x43D;&#x438;&#x437;&#x43C;&#x430;</subfield>
    <subfield code="e">[&#x430;&#x43B;&#x44C;&#x431;&#x43E;&#x43C;]</subfield>
    <subfield code="f">&#x418;&#x433;&#x43E;&#x440;&#x44C; &#x412;&#x430;&#x441;&#x438;&#x43B;&#x435;&#x432;&#x441;&#x43A;&#x438;&#x439;, &#x420;&#x43E;&#x437;&#x430; &#x422;&#x435;&#x432;&#x43E;&#x441;&#x44F;&#x43D;</subfield>
    <subfield code="g">&#x432;&#x441;&#x442;&#x443;&#x43F;&#x438;&#x442;&#x435;&#x43B;&#x44C;&#x43D;&#x430;&#x44F; &#x441;&#x442;&#x430;&#x442;&#x44C;&#x44F; &#x41D;. &#x42E;. &#x412;&#x430;&#x441;&#x438;&#x43B;&#x44C;&#x435;&#x432;&#x430;</subfield>
    <subfield code="g">&#x430;&#x432;&#x442;&#x43E;&#x440;&#x44B; &#x444;&#x43E;&#x442;&#x43E;&#x433;&#x440;&#x430;&#x444;&#x438;&#x439;: &#x424;&#x438;&#x43B;&#x438;&#x43F;&#x43F; &#x41C;&#x43E;&#x439;&#x437;&#x435;&#x440; [&#x438; &#x434;&#x440;.]</subfield>
    <subfield code="z">eng</subfield>
  </datafield>
  <datafield tag="203" ind1=" " ind2=" ">
    <subfield code="a">&#x418;&#x437;&#x43E;&#x431;&#x440;&#x430;&#x436;&#x435;&#x43D;&#x438;&#x435;</subfield>
    <subfield code="a">&#x422;&#x435;&#x43A;&#x441;&#x442;</subfield>
    <subfield code="b">&#x432;&#x438;&#x437;&#x443;&#x430;&#x43B;&#x44C;&#x43D;&#x44B;&#x435;</subfield>
    <subfield code="c">&#x43D;&#x435;&#x43F;&#x43E;&#x441;&#x440;&#x435;&#x434;&#x441;&#x442;&#x432;&#x435;&#x43D;&#x43D;&#x44B;&#x435;</subfield>
  </datafield>
  <datafield tag="210" ind1=" " ind2=" ">
    <subfield code="a">&#x41C;&#x43E;&#x441;&#x43A;&#x432;&#x430;</subfield>
    <subfield code="c">&#x41A;&#x443;&#x447;&#x43A;&#x43E;&#x432;&#x43E; &#x43F;&#x43E;&#x43B;&#x435; &#x41C;&#x443;&#x437;&#x435;&#x43E;&#x43D;</subfield>
    <subfield code="d">2023</subfield>
  </datafield>
  <datafield tag="215" ind1=" " ind2=" ">
    <subfield code="a">167 &#x441;.</subfield>
    <subfield code="c">&#x438;&#x43B;., &#x446;&#x432;. &#x438;&#x43B;., &#x43F;&#x43E;&#x440;&#x442;&#x440;., &#x444;&#x430;&#x43A;&#x441;.</subfield>
    <subfield code="d">23</subfield>
  </datafield>
  <datafield tag="300" ind1=" " ind2=" ">
    <subfield code="a">&#x410;&#x432;&#x442;. &#x442;&#x430;&#x43A;&#x436;&#x435; &#x43D;&#x430; &#x430;&#x43D;&#x433;&#x43B;. &#x44F;&#x437;.: Igor Vasilevsky, Roza Tevosyan</subfield>
  </datafield>
  <datafield tag="300" ind1=" " ind2=" ">
    <subfield code="a">&#x41D;&#x430; 160-161-&#x439; &#x441;. 1-&#x439; &#x430;&#x432;&#x442;.: &#x418;. &#x410;. &#x412;&#x430;&#x441;&#x438;&#x43B;&#x435;&#x432;&#x441;&#x43A;&#x438;&#x439;, &#x437;&#x430;&#x441;&#x43B;&#x443;&#x436;. &#x430;&#x440;&#x445;&#x438;&#x442;&#x435;&#x43A;&#x442;&#x43E;&#x440; &#x420;&#x43E;&#x441;. &#x424;&#x435;&#x434;&#x435;&#x440;&#x430;&#x446;&#x438;&#x438;, &#x43F;&#x440;&#x43E;&#x444;., &#x43B;&#x430;&#x443;&#x440;&#x435;&#x430;&#x442; &#x413;&#x43E;&#x441;. &#x43F;&#x440;&#x435;&#x43C;&#x438;&#x438; &#x427;&#x421;&#x421;&#x420;</subfield>
  </datafield>
  <datafield tag="300" ind1=" " ind2=" ">
    <subfield code="a">&#x422;&#x435;&#x43A;&#x441;&#x442; &#x43F;&#x430;&#x440;&#x430;&#x43B;.: &#x440;&#x443;&#x441;., &#x430;&#x43D;&#x433;&#x43B;.</subfield>
  </datafield>
  <datafield tag="320" ind1=" " ind2=" ">
    <subfield code="a">&#x411;&#x438;&#x431;&#x43B;&#x438;&#x43E;&#x433;&#x440;.: &#x441;. 162 &#x438; &#x432; &#x43F;&#x43E;&#x434;&#x441;&#x442;&#x440;&#x43E;&#x447;. &#x43F;&#x440;&#x438;&#x43C;&#x435;&#x447;.</subfield>
  </datafield>
  <datafield tag="510" ind1="1" ind2=" ">
    <subfield code="6">z11790</subfield>
    <subfield code="a">Sanatorium Druzhba</subfield>
    <subfield code="z">eng</subfield>
  </datafield>
  <datafield tag="601" ind1="0" ind2="2">
    <subfield code="a">"&#x414;&#x440;&#x443;&#x436;&#x431;&#x430;", &#x43F;&#x430;&#x43D;&#x441;&#x438;&#x43E;&#x43D;&#x430;&#x442;</subfield>
    <subfield code="c">&#x41A;&#x443;&#x440;&#x43F;&#x430;&#x442;&#x44B;, &#x43F;&#x43E;&#x441;&#x435;&#x43B;&#x43E;&#x43A;; &#x41A;&#x440;&#x44B;&#x43C;&#x441;&#x43A;&#x430;&#x44F; &#x43E;&#x431;&#x43B;&#x430;&#x441;&#x442;&#x44C;</subfield>
    <subfield code="2">nlr_sh2</subfield>
    <subfield code="3">RU\NLR\AUTH\6601731004</subfield>
  </datafield>
  <datafield tag="606" ind1="1" ind2=" ">
    <subfield code="a">&#x41C;&#x43E;&#x434;&#x435;&#x440;&#x43D;&#x438;&#x437;&#x43C;</subfield>
    <subfield code="x">&#x432; &#x430;&#x440;&#x445;&#x438;&#x442;&#x435;&#x43A;&#x442;&#x443;&#x440;&#x435;</subfield>
    <subfield code="y">&#x421;&#x421;&#x421;&#x420;</subfield>
    <subfield code="2">nlr_sh2</subfield>
    <subfield code="3">RU\NLR\AUTH\661599952</subfield>
  </datafield>
  <datafield tag="686" ind1="1" ind2=" ">
    <subfield code="a">&#x429;113(2&#x420;-6&#x41A;&#x440;&#x43C;)7-699&#x41A;&#x440;&#x44B;&#x43C;&#x441;&#x43A;&#x430;&#x44F; &#x43E;&#x431;&#x43B;.</subfield>
  </datafield>
  <datafield tag="686" ind1="1" ind2=" ">
    <subfield code="a">&#x429;113(2)7-239</subfield>
  </datafield>
  <datafield tag="686" ind1="1" ind2=" ">
    <subfield code="a">&#x420;354.99(2&#x420;-6&#x41A;&#x440;&#x43C;)</subfield>
  </datafield>
  <datafield tag="700" ind1=" " ind2="1">
    <subfield code="a">&#x412;&#x430;&#x441;&#x438;&#x43B;&#x435;&#x432;&#x441;&#x43A;&#x438;&#x439;</subfield>
    <subfield code="b">&#x418;. &#x410;.</subfield>
    <subfield code="f">1935-</subfield>
    <subfield code="g">&#x418;&#x433;&#x43E;&#x440;&#x44C; &#x410;&#x43B;&#x435;&#x43A;&#x441;&#x430;&#x43D;&#x434;&#x440;&#x43E;&#x432;&#x438;&#x447;</subfield>
  </datafield>
  <datafield tag="701" ind1=" " ind2="1">
    <subfield code="a">&#x422;&#x435;&#x432;&#x43E;&#x441;&#x44F;&#x43D;</subfield>
    <subfield code="b">&#x420;. &#x418;.</subfield>
    <subfield code="g">&#x420;&#x43E;&#x437;&#x430; &#x418;&#x432;&#x430;&#x43D;&#x43E;&#x432;&#x43D;&#x430;</subfield>
  </datafield>
  <datafield tag="702" ind1=" " ind2="1">
    <subfield code="a">&#x41C;&#x43E;&#x439;&#x437;&#x435;&#x440;</subfield>
    <subfield code="b">&#x424;.</subfield>
    <subfield code="g">&#x424;&#x438;&#x43B;&#x438;&#x43F;&#x43F;</subfield>
    <subfield code="4">600</subfield>
  </datafield>
  <datafield tag="712" ind1="0" ind2="2">
    <subfield code="a">"&#x414;&#x440;&#x443;&#x436;&#x431;&#x430;", &#x43F;&#x430;&#x43D;&#x441;&#x438;&#x43E;&#x43D;&#x430;&#x442;</subfield>
    <subfield code="c">&#x43F;&#x43E;&#x441;. &#x41A;&#x443;&#x440;&#x43F;&#x430;&#x442;&#x44B;, &#x41A;&#x440;&#x44B;&#x43C;&#x441;&#x43A;&#x430;&#x44F; &#x43E;&#x431;&#x43B;.</subfield>
    <subfield code="3">RU\NLR\AUTH\880599458</subfield>
    <subfield code="4">570</subfield>
  </datafield>
  <datafield tag="790" ind1=" " ind2="1">
    <subfield code="6">z11</subfield>
    <subfield code="a">Vasilevskij</subfield>
    <subfield code="b">I. A.</subfield>
    <subfield code="f">1935-</subfield>
    <subfield code="g">Igor' Aleksandrovi&#x10D;</subfield>
  </datafield>
  <datafield tag="790" ind1=" " ind2="1">
    <subfield code="6">z11</subfield>
    <subfield code="6">z11510</subfield>
    <subfield code="a">Tevosjan</subfield>
    <subfield code="b">R. I.</subfield>
    <subfield code="g">Roza Ivanovna</subfield>
  </datafield>
  <datafield tag="942" ind1=" " ind2=" ">
    <subfield code="c">BOOK</subfield>
  </datafield>
  <datafield tag="980" ind1=" " ind2=" ">
    <subfield code="a">NB</subfield>
  </datafield>
  <datafield tag="995" ind1=" " ind2=" ">
    <subfield code="5">2023-10-11</subfield>
    <subfield code="a">ad</subfield>
    <subfield code="b">NLR01</subfield>
    <subfield code="c">NLR01</subfield>
    <subfield code="e">RF81</subfield>
    <subfield code="f">1-4406856</subfield>
    <subfield code="k">2023-5/7952</subfield>
    <subfield code="o">0</subfield>
    <subfield code="p">0.00</subfield>
    <subfield code="r">BOOK</subfield>
    <subfield code="s">202357952_</subfield>
  </datafield>
  <datafield tag="995" ind1=" " ind2=" ">
    <subfield code="5">2023-10-11</subfield>
    <subfield code="a">ad</subfield>
    <subfield code="b">NLR01</subfield>
    <subfield code="c">NLR01</subfield>
    <subfield code="e">RF81</subfield>
    <subfield code="f">1-4406855</subfield>
    <subfield code="k">2023-5/7952</subfield>
    <subfield code="o">0</subfield>
    <subfield code="p">0.00</subfield>
    <subfield code="r">BOOK</subfield>
    <subfield code="s">202357952_</subfield>
  </datafield>
</record>
